The rescuers : (Record no. 9879)

MARC details
000 -LEADER
fixed length control field 01540nam a22002777a 4500
001 - CONTROL NUMBER
control field 9879
003 - CONTROL NUMBER IDENTIFIER
control field FISKH
005 - DATE AND TIME OF LATEST TRANSACTION
control field 20260311105810.0
008 - FIXED-LENGTH DATA ELEMENTS--GENERAL INFORMATION
fixed length control field 260311b cb ||||| |||| 00| 0 eng d
020 ## - INTERNATIONAL STANDARD BOOK NUMBER
International Standard Book Number 050086013647
040 ## - CATALOGING SOURCE
Original cataloging agency FISKH
Language of cataloging eng
Transcribing agency FISKH
Modifying agency FISKH
050 ## - LIBRARY OF CONGRESS CALL NUMBER
Classification number PZ7 .R313
100 ## - MAIN ENTRY--PERSONAL NAME
Personal name Walt Disney
245 ## - TITLE STATEMENT
Title The rescuers :
Remainder of title With songs from the films /
Statement of responsibility, etc. By Walt Disnep
260 ## - PUBLICATION, DISTRIBUTION, ETC.
Place of publication, distribution, etc. California :
Name of publisher, distributor, etc. Walt Disnep Productions ,
Date of publication, distribution, etc. 1991.
300 ## - PHYSICAL DESCRIPTION
Extent 24 pages :
Other physical details color illustrations ;
Dimensions 18 X 18 cm .
490 ## - SERIES STATEMENT
Series statement The Rescuers (Disney)
505 ## - FORMATTED CONTENTS NOTE
Formatted contents note H <br/>
520 ## - SUMMARY, ETC.
Summary, etc. The Rescuers tells the story of two brave mice, Bernard and Miss Bianca, who work for the Rescue Aid Society, an organization that helps kidnapped or distressed creatures in need.<br/><br/>When they learn that a little girl named Penny has been kidnapped by the evil treasure hunter Madame Medusa, they volunteer to rescue her. Using their cleverness, courage, and teamwork, Bernard and Miss Bianca navigate traps, escape dangers, and finally save Penny from Medusa’s clutches.<br/><br/>The story highlights friendship, bravery, and helping others, with humorous moments and daring adventures along the way. The book was designed to be read along with its accompanying record or cassette, so young readers could follow the story while listening to the narration.
521 8# - TARGET AUDIENCE NOTE
Target audience note 430 <br/>
Source Lexile estimate <br/>
521 8# - TARGET AUDIENCE NOTE
Target audience note H <br/>
Source Raz-Plus <br/>
650 ## - SUBJECT ADDED ENTRY--TOPICAL TERM
Topical term or geographic name entry element Disney
Form subdivision Children's Books
650 ## - SUBJECT ADDED ENTRY--TOPICAL TERM
Topical term or geographic name entry element Mice
Form subdivision Children's Books
942 ## - ADDED ENTRY ELEMENTS (KOHA)
Source of classification or shelving scheme Dewey Decimal Classification
Koha item type Books
Suppress in OPAC No
Holdings
Withdrawn status Lost status Source of classification or shelving scheme Damaged status Not for loan Collection Home library Current library Shelving location Date acquired Total Checkouts Full call number Barcode Date last seen Price effective from Koha item type
    Dewey Decimal Classification     Juvenile Fiction Footprints International School Library Network Toul Tom Poung Campus Footprints International School Library Network Toul Tom Poung Campus TTP Primary Dark Blue Bookshelves 03/11/2026   WAL PZ7 .R313 FISBK072042 03/11/2026 03/11/2026 Books